Circuit theory with computer methods
محفوظ في:
| المؤلف الرئيسي: | |
|---|---|
| التنسيق: | كتاب |
| اللغة: | English |
| منشور في: |
New York, New York : McGraw-Hill,
1978
|
| الموضوعات: | |
| الوسوم: |
إضافة وسم
لا توجد وسوم, كن أول من يضع وسما على هذه التسجيلة!
|
MARC
| LEADER | 00000nam a2200000Ia 4500 | ||
|---|---|---|---|
| 003 | 000439 | ||
| 005 | 20221231144011.0 | ||
| 008 | 140114s1978 nyua 000 ||eng d | ||
| 040 | |c cru CEDI | ||
| 082 | |a 621.319.21 W769c | ||
| 100 | |a Wing, Omar |9 19332 | ||
| 245 | |a Circuit theory with computer methods | ||
| 260 | |a New York, New York : McGraw-Hill, |c 1978 | ||
| 300 | |a xiv, 529 páginas : ilustraciones ; 24 cm |b Fotocopia | ||
| 630 | |x CIRCUITOS ELECTRICOS |x REDES ELECTRICAS |x INGENIERIA ELECTRICA - MODELOS MATEMATICOS |9 19333 | ||
| 942 | |2 ddc |c BK | ||
| 999 | |c 15418 |d 15418 | ||
